MARC

LEADER 00000nam0a2200000 4500
001 245465
005 20231101232128.0
035 |a (RuTPU)RU\TPU\book\266874 
090 |a 245465 
100 |a 20131111d1976 k y0rusy50 ca 
101 0 |a rus 
102 |a RU 
105 |a a z 001zy 
200 1 |a Методика расчета надежности изделий с учетом постепенных отказов  |f СССР, Государственный комитет стандартов (Госстандарт) ; под ред. В. В. Чекменевой 
210 |a Москва  |c Изд-во стандартов  |d 1976 
215 |a 100 с.  |c ил. 
320 |a Библиогр.: с. 99. 
606 1 |a Инженерное дело  |2 stltpush  |3 (RuTPU)RU\TPU\subj\12589  |9 39351 
610 1 |a изделия 
610 1 |a расчет на надежность 
610 1 |a методика 
610 1 |a методика 
610 1 |a безотказная работа 
610 1 |a мультивибраторы 
610 1 |a транзисторы 
610 1 |a компрессоры 
610 1 |a исходные данные 
675 |a 621-192  |v 3 
702 1 |a Чекменева  |b В. В.  |4 340 
712 0 1 |a СССР  |b Государственный комитет стандартов (Госстандарт)  |c (1970-1978)  |2 stltpush  |3 (RuTPU)RU\TPU\col\4389 
801 1 |a RU  |b 63413507  |c 20131111 
801 2 |a RU  |b 63413507  |c 20131203  |g RCR 
942 |c BK